000 00265nam a2200109Ia 4500
008 190216s9999||||xx |||||||||||||| ||und||
100 _aEdassery
245 0 _aAdhunika Gadya Mathrkagal
260 _bUniversity Of Calicut
650 _aEssay Malayalam
942 _cBK
999 _c25483
_d25483